[Event "Titled Tuesday intern op 23rd Jan Early"]
[Site "Chess.com INT"]
[Date "2024.01.23"]
[Round "7"]
[White "Matveeva, Olga"]
[Black "Miton, Kamil"]
[Result "0-1"]
[WhiteElo "2156"]
[BlackElo "2568"]
[PlyCount "88"]
[EventDate "2024.01.23"]
[EventType "swiss (blitz)"]
[EventRounds "11"]
[EventCountry "USA"]
[SourceTitle "EXT 2025"]
[Source "ChessBase"]
[SourceDate "2024.10.14"]
[SourceVersion "1"]
[SourceVersionDate "2024.10.14"]
[SourceQuality "1"]

1. d4 e6 2. c4 Bb4+ 3. Bd2 Bxd2+ 4. Qxd2 Nf6 5. Nc3 d5 6. e3 0-0 7. Nf3 a6 8. cxd5 exd5 9. Bd3 Be6 10. 0-0 Nbd7 11. Rfc1 Qe7 12. h3 a5 13. Nb5 c6 14. Nc7 Ra7 15. Nxe6 fxe6 16. Ne5 Nxe5 17. dxe5 Nd7 18. f4 Raa8 19. Qc2 h6 20. Qe2 Qh4 21. Bb1 Rfd8 22. Qd3 Nf8 23. Rf1 c5 24. Bc2 c4 25. Qd4 Rac8 26. Qb6 Qe7 27. Qxa5 Rc5 28. Qd2 Qc7 29. Rac1 b5 30. Bb1 Qb6 31. Kh1 Rcc8 32. Rf3 d4 33. exd4 Rxd4 34. Qc2 Rcd8 35. f5 Rd2 36. Qe4 Rd1+ 37. Rf1 Rxc1 38. Rxc1 Qf2 39. fxe6 Re8 40. Qd5 Re7 41. Rd1 Qxb2 42. Bf5 Qa3 43. Qd8 Qa7 44. Rd7 Qf2 0-1

[Event "Titled Tuesday intern op 23rd Jan Late"]
[Site "Chess.com INT"]
[Date "2024.01.23"]
[Round "1"]
[White "Miton, Kamil"]
[Black "Chandra, Anand Rishi"]
[Result "1-0"]
[WhiteElo "2568"]
[BlackElo "2164"]
[PlyCount "45"]
[EventDate "2024.01.23"]
[EventType "swiss (blitz)"]
[EventRounds "11"]
[EventCountry "USA"]
[SourceTitle "CBM 218 Extra"]
[Source "ChessBase"]
[SourceDate "2024.03.31"]
[SourceVersion "1"]
[SourceVersionDate "2024.03.31"]
[SourceQuality "1"]

1. d4 d5 2. c4 e6 3. Nf3 Nf6 4. g3 Bb4+ 5. Bd2 Be7 6. Bg2 0-0 7. 0-0 c6 8. Qb3 Nbd7 9. Rc1 Ne4 10. Be1 f5 11. Bb4 a5 12. Bxe7 Qxe7 13. Nc3 Ndf6 14. Ne5 Kh8 15. f3 Nxc3 16. Qxc3 Qb4 17. c5 Qxc3 18. bxc3 Nd7 19. Nd3 Re8 20. f4 b5 21. cxb6 Nxb6 22. Ne5 Nc4 23. Nxc4 1-0

[Event "Titled Tuesday intern op 23rd Jan Late"]
[Site "Chess.com INT"]
[Date "2024.01.23"]
[Round "10"]
[White "Miton, Kamil"]
[Black "Xiong, Jeffery"]
[Result "0-1"]
[WhiteElo "2568"]
[BlackElo "2659"]
[PlyCount "90"]
[EventDate "2024.01.23"]
[EventType "swiss (blitz)"]
[EventRounds "11"]
[EventCountry "USA"]
[SourceTitle "CBM 218 Extra"]
[Source "ChessBase"]
[SourceDate "2024.03.31"]
[SourceVersion "1"]
[SourceVersionDate "2024.03.31"]
[SourceQuality "1"]

1. e4 c5 2. Nf3 d6 3. Bc4 Nf6 4. d3 e6 5. Bb3 Be7 6. c3 0-0 7. 0-0 b5 8. Re1 Bb7 9. Bc2 Nbd7 10. d4 Qc7 11. Nbd2 cxd4 12. cxd4 Rac8 13. Bd3 a6 14. Nf1 e5 15. d5 Nc5 16. Bb1 a5 17. Ng3 g6 18. Bh6 Rfe8 19. Qd2 Ng4 20. Bg5 Qd8 21. Bxe7 Qxe7 22. h3 Nf6 23. Qxa5 Ra8 24. Qb4 Ra4 25. Qc3 Rc8 26. Qe3 b4 27. Bc2 Raa8 28. a3 bxa3 29. Rxa3 Rab8 30. b4 Ncd7 31. Bd3 Qd8 32. Nh4 Nxd5 33. exd5 Qxh4 34. Ra7 Nf6 35. Rxb7 Rxb7 36. Ba6 Qxb4 37. Bxb7 Qxb7 38. Rd1 Rc4 39. Qg5 Rf4 40. Rc1 Qxd5 41. Qh6 Qb7 42. Rd1 Qb6 43. Rd2 Qb4 44. Rc2 Qb1+ 45. Kh2 Qxc2 0-1

[Event "Titled Tuesday intern op 23rd Jan Early"]
[Site "Chess.com INT"]
[Date "2024.01.23"]
[Round "5"]
[White "Smietanska, Wiktoria"]
[Black "Miton, Kamil"]
[Result "0-1"]
[WhiteElo "1957"]
[BlackElo "2568"]
[PlyCount "76"]
[EventDate "2024.01.23"]
[EventType "swiss (blitz)"]
[EventRounds "11"]
[EventCountry "USA"]
[SourceTitle "EXT 2025"]
[Source "ChessBase"]
[SourceDate "2024.10.14"]
[SourceVersion "1"]
[SourceVersionDate "2024.10.14"]
[SourceQuality "1"]

1. c4 b6 2. e4 c5 3. Nc3 Bb7 4. Nf3 e6 5. d4 cxd4 6. Nxd4 d6 7. Be2 a6 8. 0-0 Nd7 9. f4 Ngf6 10. Bf3 Qc7 11. Qe2 Be7 12. Be3 0-0 13. Rac1 Rac8 14. b3 Qb8 15. f5 e5 16. Nc2 b5 17. Nd5 Bd8 18. Ncb4 a5 19. Nd3 Bxd5 20. cxd5 Bb6 21. Rc6 Rxc6 22. dxc6 Qa7 23. Re1 Nc5 24. Nxc5 Bxc5 25. Kh1 Rc8 26. Bg5 Qb6 27. Bxf6 gxf6 28. Rd1 Qxc6 29. Qd2 Kf8 30. Qh6+ Ke7 31. Qxh7 Bd4 32. Bh5 Rf8 33. Bf3 Qc2 34. a3 Qxb3 35. Qh6 Qxa3 36. Rc1 Bc5 37. Qd2 Qe3 38. Qc2 a4 0-1

[Event "Katowice POL-HUN 10th"]
[Site "Katowice"]
[Date "2023.09.10"]
[Round "8"]
[White "Miton, Kamil"]
[Black "Raczek, Krzysztof"]
[Result "1-0"]
[WhiteElo "2568"]
[BlackElo "2361"]
[PlyCount "63"]
[EventDate "2023.09.09"]
[EventType "swiss (rapid)"]
[EventRounds "9"]
[EventCountry "POL"]
[SourceTitle "CBM 216 Extra"]
[Source "ChessBase"]
[SourceDate "2023.11.30"]
[SourceVersion "1"]
[SourceVersionDate "2023.11.30"]
[SourceQuality "1"]

1. d4 Nf6 2. c4 g6 3. Nc3 Bg7 4. e4 d6 5. Bd3 c5 6. d5 0-0 7. Nge2 e6 8. Bg5 h6 9. Bh4 exd5 10. cxd5 Na6 11. 0-0 Re8 12. Kh1 Bd7 13. f4 Nb4 14. Bb1 b5 15. a3 Na6 16. Ng3 Qb6 17. Bxf6 Bxf6 18. e5 dxe5 19. f5 e4 20. fxg6 fxg6 21. Bxe4 Bd4 22. d6 Qxd6 23. Bxa8 Rxa8 24. Nxb5 Bxb5 25. Qb3+ Kh8 26. Qxb5 Nc7 27. Qc4 Qd5 28. Qc2 Kg7 29. Rae1 Ne6 30. Ne2 Rb8 31. Nxd4 Nxd4 32. Re7+ 1-0

[Event "Katowice POL-HUN 10th"]
[Site "Katowice"]
[Date "2023.09.09"]
[Round "5"]
[White "Golenia, Jan"]
[Black "Miton, Kamil"]
[Result "0-1"]
[WhiteElo "2180"]
[BlackElo "2568"]
[PlyCount "78"]
[EventDate "2023.09.09"]
[EventType "swiss (rapid)"]
[EventRounds "9"]
[EventCountry "POL"]
[SourceTitle "CBM 216 Extra"]
[Source "ChessBase"]
[SourceDate "2023.11.30"]
[SourceVersion "1"]
[SourceVersionDate "2023.11.30"]
[SourceQuality "1"]

1. c4 e5 2. Nc3 Nc6 3. g3 f5 4. Bg2 Nf6 5. d3 Bb4 6. Bd2 0-0 7. e3 Bxc3 8. Bxc3 d5 9. Ne2 Be6 10. b3 Qd7 11. 0-0 Rad8 12. Qc2 Qf7 13. Qb2 Qh5 14. d4 e4 15. Nf4 Qf7 16. Rfc1 g5 17. cxd5 Nxd5 18. Nxd5 Bxd5 19. Bd2 Rd7 20. Rc5 Nd8 21. Bb4 Re8 22. Qa3 a6 23. Rac1 c6 24. R5c2 Qg6 25. Re1 Ne6 26. Rd2 f4 27. exf4 gxf4 28. Bd6 e3 29. fxe3 Bxg2 30. Rxg2 f3 31. Rd2 Qe4 32. Be5 Ng5 33. Qc1 Rxe5 34. dxe5 Rxd2 35. Qxd2 f2+ 36. Kf1 fxe1Q+ 37. Qxe1 Qh1+ 38. Ke2 Qxe1+ 39. Kxe1 Nf3+ 0-1

[Event "Katowice POL-HUN 10th"]
[Site "Katowice"]
[Date "2023.09.09"]
[Round "2"]
[White "Miton, Kamil"]
[Black "Pawlowski, Maciej"]
[Result "1-0"]
[WhiteElo "2568"]
[BlackElo "1932"]
[PlyCount "83"]
[EventDate "2023.09.09"]
[EventType "swiss (rapid)"]
[EventRounds "9"]
[EventCountry "POL"]
[SourceTitle "CBM 216 Extra"]
[Source "ChessBase"]
[SourceDate "2023.11.30"]
[SourceVersion "1"]
[SourceVersionDate "2023.11.30"]
[SourceQuality "1"]

1. d4 e6 2. Nf3 f5 3. c4 Nf6 4. Bf4 Be7 5. h3 d6 6. e3 Nbd7 7. Nc3 Ne4 8. Nxe4 fxe4 9. Nd2 Nf6 10. Qc2 d5 11. cxd5 exd5 12. Qxc7 Qxc7 13. Bxc7 Bd7 14. Be5 Rc8 15. Kd1 Kf7 16. Be2 a6 17. Rc1 Ba4+ 18. b3 Rxc1+ 19. Kxc1 Ba3+ 20. Kb1 Bd7 21. Bd1 Bb4 22. Nf1 Be1 23. f3 Rc8 24. Bc2 Bb5 25. Ng3 Bxg3 26. Bxg3 exf3 27. gxf3 Be2 28. Bd1 Bd3+ 29. Kb2 Ne8 30. Rh2 Rc6 31. h4 g6 32. Be5 Nd6 33. Rd2 Bf5 34. Rf2 Nb5 35. Bc2 Nc3 36. e4 Be6 37. a4 Ke7 38. Rh2 b5 39. a5 h5 40. Rg2 dxe4 41. fxe4 Bg4 42. d5 1-0

[Event "POL-ch blitz"]
[Site "Suwalki"]
[Date "2022.09.24"]
[Round "4"]
[White "Budrewicz, Krzysztof"]
[Black "Miton, Kamil"]
[Result "0-1"]
[WhiteElo "2192"]
[BlackElo "2568"]
[PlyCount "78"]
[EventDate "2022.09.24"]
[EventType "swiss (blitz)"]
[EventRounds "15"]
[EventCountry "POL"]
[SourceTitle "CBM 210 Extra"]
[Source "ChessBase"]
[SourceDate "2022.11.30"]
[SourceVersion "1"]
[SourceVersionDate "2022.11.30"]
[SourceQuality "1"]

1. d4 Nf6 2. c4 Nc6 3. Nf3 e6 4. a3 d6 5. Nc3 g6 6. e4 Bg7 7. Be2 0-0 8. 0-0 Re8 9. Be3 e5 10. d5 Nd4 11. Nxd4 exd4 12. Bxd4 Nxe4 13. Bxg7 Kxg7 14. Nxe4 Rxe4 15. Bd3 Re8 16. Qc2 Qf6 17. Rfe1 Bd7 18. h3 b6 19. b4 a5 20. Rab1 axb4 21. axb4 Qd4 22. Rxe8 Rxe8 23. Qb2 Qxb2 24. Rxb2 Re1+ 25. Kh2 Rd1 26. Be2 Ra1 27. Kg3 Kf6 28. f4 Ra3+ 29. Kf2 h5 30. c5 Bf5 31. cxb6 cxb6 32. Rd2 Rb3 33. Rd4 Rb2 34. Ke3 Rb3+ 35. Kf2 Bd7 36. g4 Rxh3 37. g5+ Ke7 38. Bf3 Rh2+ 39. Kg3 Rb2 0-1

[Event "Bundesliga 1920"]
[Site "Germany"]
[Date "2021.10.16"]
[Round "14.2"]
[White "Miton, Kamil"]
[Black "Bartel, Mateusz"]
[Result "0-1"]
[WhiteElo "2589"]
[BlackElo "2636"]
[PlyCount "72"]
[EventDate "2019.11.23"]
[EventType "team-tourn"]
[EventRounds "15"]
[EventCountry "GER"]
[SourceTitle "EXT 2022"]
[Source "ChessBase"]
[SourceDate "2021.10.06"]
[SourceVersion "1"]
[SourceVersionDate "2021.10.06"]
[SourceQuality "1"]
[WhiteTeam "Hamburger SK"]
[BlackTeam "Dresden TU"]
[WhiteTeamCountry "GER"]
[BlackTeamCountry "GER"]

1. d4 d5 2. c4 c6 3. Nf3 Nf6 4. e3 Bf5 5. Nc3 e6 6. Nh4 Be4 7. f3 Bg6 8. Qb3 Qc7 9. Bd2 Be7 10. Nxg6 hxg6 11. g3 0-0 12. Rc1 Qd7 13. cxd5 exd5 14. Na4 Re8 15. Bd3 b5 16. Nc3 a5 17. a4 b4 18. Ne2 Qa7 19. 0-0 c5 20. Bb5 Nbd7 21. Be1 Bd6 22. Bf2 c4 23. Qd1 Re7 24. b3 c3 25. h4 Rae8 26. Qd3 Qb8 27. Kg2 Re6 28. g4 R8e7 29. Rce1 Nxg4 30. fxg4 Nf6 31. Bg1 Re4 32. Rxf6 gxf6 33. Bf2 Qc8 34. Ng3 Rxg4 35. Qe2 Rxh4 36. Rh1 Rxh1 0-1